| 000 | 00607nam a2200217Ii 4500 | ||
|---|---|---|---|
| 001 | 2777 | ||
| 003 | CO-ViMGA | ||
| 008 | 241108s9999||||xx |||||||||||||| ||und|| | ||
| 020 | _a8422686473 | ||
| 040 |
_aCO-ViMGA _bspa _erda _cCO-ViMGA |
||
| 041 | 0 | _aspa | |
| 084 | _aN STE11s | ||
| 100 | 1 |
_aDanielle Steel _945941 |
|
| 245 | 1 | 0 | _aEl sueño de una estrella |
| 264 | 1 | _aMadrid, España : Círculo de Lectores, 1989 | |
| 300 | _avolumen | ||
| 336 |
_atext _btxt _2rdacontent |
||
| 337 |
_aunmediated _bn _2rdamedia |
||
| 338 |
_avolume _bnc _2rdacarrier |
||
| 940 | _aidficha_siabuc: 2717. -- ficha_no_siabuc:2777 | ||
| 999 |
_c40482 _d40482 |
||